Ceny paliv a energií v publikacích ČSÚ
Hlavný cieľ cenovej štatistiky. Cenová štatistika palív a energií. Ceny zemného plynu. Ceny zemného plynu pre priemyslové využitie. Spotrebiteľské ceny zemného plynu pre domácnosti. Vývoj ceny ropy Brent a zemného plynu v roku 2002 a 2003. Vývoj ceny ropy Brent a ceny plynových olejov na trhu v ČR....
Saved in:
| Main Author: | |
|---|---|
| Other Authors: | |
| Format: | Book Chapter |
| Language: | Czech |
| Subjects: | |
| Tags: |
No Tags, Be the first to tag this record!
|
MARC
| LEADER | 00000naa$a2200000$$$4500 | ||
|---|---|---|---|
| 001 | 0005632 | ||
| 005 | 20231002094218.2 | ||
| 041 | 0 | |a cze | |
| 044 | |a CZ | ||
| 245 | 1 | 0 | |a Ceny paliv a energií v publikacích ČSÚ |c aut. Miroslav Mejdr, Hana Pokorná |
| 520 | |a Hlavný cieľ cenovej štatistiky. Cenová štatistika palív a energií. Ceny zemného plynu. Ceny zemného plynu pre priemyslové využitie. Spotrebiteľské ceny zemného plynu pre domácnosti. Vývoj ceny ropy Brent a zemného plynu v roku 2002 a 2003. Vývoj ceny ropy Brent a ceny plynových olejov na trhu v ČR. Priemerná cena elektrickej energie k 1.7. 2003. Ceny pohonných hmôt a uhlia. | ||
| 610 | 2 | 0 | |a štatistika |
| 610 | 2 | 0 | |a štatistika cenová |
| 610 | 2 | 0 | |a ceny |
| 610 | 2 | 0 | |a plyn zemný |
| 610 | 2 | 0 | |a ropa |
| 610 | 2 | 0 | |a energia elektrická |
| 610 | 2 | 0 | |a palivá |
| 610 | 2 | 0 | |a Česko |
| 610 | 2 | 0 | |a úrady štatistické |
| 100 | 1 | |a Mejdr, Miroslav | |
| 700 | 1 | |a Pokorná, Hana | |